Veinte mil leguas de viaje submarino i /

Guardado en:
Autor Principal: Verne, Julio
Formato: Libro
Publicado: Madrid : Club Internacional del Libro, 1998
Materias:
Etiquetas: Agregar Etiqueta
Sin Etiquetas, Sea el primero en etiquetar este registro!
LEADER 00633nam a22002175a 4500
001 CEM.cems016946
005 20121127165218.0
008 130507s1998##################000#0#####d
003 CEMS
020 |a T.I:8482651722O.C.:8482651714 
082 0 4 |a 843 
100 1 |a Verne, Julio 
245 1 0 |a Veinte mil leguas de viaje submarino i /  |c Julio Verne, 
260 |a Madrid :  |b Club Internacional del Libro,  |c 1998 
300 |a 224 p. 
653 |a Novela juvenil 
653 |a Novelas 
653 |a Literatura francesa 
653 |a Literatura 
653 |a Ciencia ficción 
859 |a CEMS  |b BIB. CEMS - Agricultura  |h 843  |i V594  |p A0134.00  |t Ej.1  |v I  |3 I